00681nam a22002177a 450000500170000001000130001702000100003003500130004003700160005304000120006908200200008110000190010124501200012026000410024027000400028130000210032150000490034265000300039165000240042170000180044520170124105927.0 aA-585904 c23.00 aA-585904 bCen Lib/Ret aDPLbEN a398.095415bSHA aSharma, Gautam aFolklore of Himachal Pradesh /cby Gautam Sharma; translated by Mrinal pandebenvironment problems and strategies / aNew DelhibNational Book Trustc1980 aA-5, Green Park bNew Delhie110016 a201p. c20cm(Hb) aIncludes bibliogarphical reference and index aIndia -- Himachal Pradesh aManners and customs aPande, Mrinal